000 00367nam a2200145Ia 4500
008 221030s9999 xx 000 0 und d
020 _a8126539833
041 _aEnglish
100 _aP. Wordsworth
245 0 _aLee`s Building Maintenance Management
_cby P. Wordsworth
260 _bWilley Pub.
_aNew Delhi
_c2016
300 _a340
650 _aCivil
942 _cBK
999 _c17745
_d17745